| 000 | 00576nam a2200193Ia 4500 | ||
|---|---|---|---|
| 003 | GCL | ||
| 008 | 140319s9999 xx 000 0 ara d | ||
| 040 |
_aGCL / _cGCL |
||
| 082 | 0 | 4 |
_a810.9027 _bم ش |
| 100 | 1 | _aمى يوسف خليف | |
| 245 | 1 | 0 |
_aالشعر النسائى فى ادبنا القديم / _cمى يوسف خليف |
| 300 | _a223 ص | ||
| 490 | _a | ||
| 650 | 0 | 4 | _aالشعر العربى - تاريخ ونقد |
| 650 | 0 | 4 | _aالمرأة فى الادب |
| 650 | 0 | 4 | _aالمرأة كشاعرة |
| 650 | 0 | 4 | _aالمرأة كمؤلفة |
| 942 |
_2ddc _cBK |
||
| 999 |
_c39580 _d39580 |
||